Science Quiz

Random Science or Food Quiz

Coca-Cola Secret Formula Ingredients Quiz Stats

 Plays Quiz Updated Jul 26, 2014

Support Sporcle.
Go Orange.
Score 0/15 Timer 04:00
0 Plays Today
Amount Ingredient % Correct
Secret RecipeSugar
93.9%
Secret RecipeWater
93%
Secret RecipeFluid extract of Coca
52.1%
Secret RecipeCaramel
40.1%
Secret RecipeVanilla
31%
Secret RecipeCaffeine
24%
Secret 7x FlavorLemon oil
18.1%
Secret 7x FlavorCinnamon
16.9%
Amount Ingredient % Correct
Secret RecipeLime juice
14.1%
Secret 7x FlavorOrange oil
12.5%
Secret 7x FlavorNutmeg oil
10.7%
Secret RecipeCitric acid
9.6%
Secret 7x FlavorAlcohol
6.2%
Secret 7x FlavorCoriander
3.8%
Secret 7x FlavorNeroli
2.6%

You're not logged in!

Compare scores with friends on all Sporcle quizzes.
OR
Log In

From the Vault

Follow That Line: Stranger Things

by jakethegoldfish

On a scale of 1-10, we give this quiz an Eleven.
Remove Ads.
Support Sporcle.
Get the best of Sporcle when you Go Orange. This ad-free experience offers more features, more stats, and more fun while also helping to support Sporcle. Thank you for becoming a member.

Show Comments

Extras

Top Quizzes Today


Score Distribution

Your Account Isn't Verified!

In order to create a playlist on Sporcle, you need to verify the email address you used during registration. Go to your Sporcle Settings to finish the process.

Report this User

Report this user for behavior that violates our Community Guidelines.

Details: